| 000 | 00345nam a2200145Ia 4500 | ||
|---|---|---|---|
| 005 | 20251222144819.0 | ||
| 008 | 251222s9999||||xx |||||||||||||| ||spa|| | ||
| 020 | _a970-15-0857-2 | ||
| 082 | _a616.891.43/S17 | ||
| 100 | _aSalama Penhos, Héctor | ||
| 245 | 0 | _aPsicoterapia Gestalt: | |
| 250 | _a3a.ed. | ||
| 264 | _bAlfaomega | ||
| 942 | _cLIB | ||
| 999 |
_c20429 _d20429 |
||